[Event "EWCCC Online Preliminary-C 2020"]
[Site "Online"]
[Date "2020.12.19"]
[Round "3.2"]
[White "Girya, Olga"]
[Black "Obolentseva, Alexandra"]
[Result "1-0"]
[WhiteElo "2469"]
[BlackElo "2305"]
[Annotator "TA"]
[PlyCount "159"]
[EventDate "2020.12.19"]
[EventType "team-tourn"]
[EventCountry "NET"]
[SourceTitle "playchess.com"]
[Source "ChessBase"]
[SourceQuality "1"]

{[%evp 14,159,67,67,66,66,71,63,53,67,117,81,89,40,38,11,10,15,14,-77,-79,-97,-61,-57,0,0,0,-16,0,8,56,60,68,63,101,86,92,90,89,80,109,111,109,103,137,128,93,125,112,111,159,159,157,147,202,177,239,221,200,178,320,227,264,251,567,701,555,483,465,427,452,374,372,276,810,796,985,860,1171,1171,2617,4565,10623,10623,9945,8570,9302,9184,7831,6975,5493,4041,9054,7951,5197,5097,4056,877,1348,876,1018,903,881,880,858,727,903,854,29965,29966,29971,29972,29972,29967,29969,29970,29973,29970,29970,29971,29973,29965,29975,29976,29976,29977,29977,29977,29978,29979,29983,29984,29985,29986,29986,29987,29987,29988,29988,29989,29990,29991,29992,29991,29991,29992,29995,29993]} 1. d4 Nf6 2. c4 g6 3. Nc3 Bg7 4. e4 O-O 5. Be2 d6 6. Be3 e5 7. d5 a5 8. g4 Na6 {E73: King's Indian: Averbakh Variation without 6...c5.} 9. g5 Nd7 {[#]} 10. h4 $1 f5 {White is slightly better.} 11. gxf6 Qxf6 {The modern move.} 12. Nf3 Ndc5 {[#]} 13. Qd2 $146 ({Predecessor:} 13. h5 Bg4 14. Nh4 Bxe2 15. Qxe2 g5 16. h6 Bxh6 17. Nf5 Bg7 18. Qh5 h6 19. O-O-O Nxe4 20. Nxh6+ Qxh6 21. Qxh6 Bxh6 22. Nxe4 {½-½ (45) Winter,I-Heintze,M Erfurt 1973}) 13... Bg4 14. Ng5 (14. Ng1 $5 {[%cal Re2g4]} Bxe2 15. Qxe2 $15) 14... Bxe2 15. Qxe2 h6 16. Ne6 (16. Nh3 $1 $11) 16... Nxe6 $17 17. dxe6 Qxe6 18. O-O-O c6 (18... Rae8 $15) 19. Qd2 $11 Kh7 20. h5 {And now hxg6+ would win.} g5 21. Qxd6 Qxc4 22. Qg6+ Kg8 $1 {[#] ...Rf6 is the strong threat.} 23. Bxg5 $1 {[%mdl 512]} Qf7 {Hoping for ...Qxg6.} (23... hxg5 24. h6) 24. Qxf7+ Rxf7 25. Be3 Kh7 26. Rhg1 Rg8 27. Rg6 Rf6 28. Rdg1 Nc7 29. Rxf6 Bxf6 30. Rxg8 Kxg8 31. Bxh6 $16 {[%mdl 4096] Endgame KBN-KBN} Bh4 32. Be3 Ne6 33. Kd1 b5 (33... Kg7 $16) 34. Ke2 Kg7 (34... Be7 $142 35. a4 Bb4) 35. Kf3 $18 Be7 36. Kg4 Nc5 (36... Kf6 $142 37. f3 Bc5) 37. f3 Nd3 38. b3 Bc5 $2 (38... Bb4) 39. Bxc5 Nxc5 {KN-KN} 40. Kf5 Nd3 41. Ke6 b4 42. Ne2 Kh6 43. Kd6 c5 $2 (43... Kxh5 44. Kxc6 Kh4) 44. Kd5 Kxh5 45. Kc4 Ne1 46. f4 exf4 47. Nxf4+ Kg5 48. Ne6+ Kf6 49. Nxc5 Nc2 50. Kb5 Ke5 51. Kxa5 Kd4 52. Na6 Kxe4 53. Nxb4 Na3 54. Ka4 Nb1 55. Na6 (55. Kb5 $142 Na3+ 56. Kc5) 55... Kd5 56. Nc7+ Kc6 57. Ne6 Nc3+ 58. Ka3 Kd5 59. Nf4+ Kc6 60. Kb2 Nb5 61. a4 {Cut Off at move 61. White mates.} Nc7 62. Kc3 Kb6 63. Kc4 Ka5 64. Nd5 Na6 65. Ne3 Nc7 66. Kc3 Ne6 67. Nc4+ Ka6 68. b4 {[%cal Bb3b4,Bb4b5,Bb5b6,Bb6b7][%mdl 32]} Nc7 69. Kb3 Ne6 70. b5+ Kb7 71. Kb4 Ka7 72. a5 {[%cal Ba4a5,Ba5a6][%mdl 32]} Kb7 73. a6+ Ka7 74. Ka5 Nc5 75. b6+ Ka8 76. Ne5 Nb3+ 77. Kb4 Nd4 78. Kc4 Nf5 79. b7+ Ka7 80. Nc6+ {Weighted Error Value: White=0.23/Black=0.37} 1-0

[Event "EWCCC Online Preliminary-C 2020"]
[Site "Online"]
[Date "2020.12.19"]
[Round "3.2"]
[White "Dordzhieva, Dinara"]
[Black "Melamed, Tatjana"]
[Result "1-0"]
[WhiteElo "2352"]
[BlackElo "2336"]
[Annotator "TA"]
[PlyCount "55"]
[EventDate "2020.12.19"]
[EventType "team-tourn"]
[EventCountry "NET"]
[SourceTitle "playchess.com"]
[Source "ChessBase"]
[SourceQuality "1"]

{[%evp 14,55,18,19,25,33,33,33,29,25,25,21,151,143,168,175,179,170,181,164,169,144,157,154,169,164,168,167,162,164,162,162,156,140,148,145,236,201,253,252,306,314,705,685]} 1. d4 Nf6 2. c4 e6 3. Nf3 b6 4. a3 Bb7 5. Nc3 Be7 6. Qc2 d5 7. cxd5 exd5 8. Bf4 a6 {E12: Queen's Indian: Unusual White 4th moves, 4 a3, 4 Nc3 Bb7 5 a3 and 4 Nc3 Bb7 .} 9. e3 O-O 10. Bd3 Nbd7 {White is slightly better.} 11. O-O Re8 12. Ne5 {[#]} Rc8 $146 (12... c5 $11 {remains equal.}) ({Predecessor:} 12... g6 13. Be2 Bd6 14. Nxd7 Qxd7 15. Bxd6 Qxd6 16. Rac1 Rad8 17. b4 Re7 18. Bf3 Ne4 19. Nxe4 dxe4 {0-1 (30) Rachow,T-Jacobsen,U Itzehoe 2007}) 13. Nxd7 $16 Qxd7 14. Bf5 {[%mdl 64] [#] Skewer} Qd8 15. Bxc8 Bxc8 16. b4 c6 17. Rab1 g6 18. Qe2 a5 19. bxa5 b5 20. Na2 {[%cal Bc3a2,Ba2b4,Bb4d3,Bd3f4][%mdl 32]} Qxa5 21. Nb4 Bd7 22. Rfc1 Rc8 23. Qb2 Ne4 24. Ra1 Bd6 (24... Qd8 $16 {was worth a try.} 25. Rc2 g5) 25. Nd3 Bxf4 26. Nxf4 Nd6 27. Qb4 Nc4 $2 {[#]} (27... Qxb4 28. axb4 Bf5) 28. Rxc4 $1 {[%mdl 512] White took control after the opening.  Weighted Error Value: White=0.06/Black=0.29} 1-0

[Event "EWCCC Online Preliminary-C 2020"]
[Site "Online"]
[Date "2020.12.19"]
[Round "3.2"]
[White "Belenkaya, Dina"]
[Black "Pogonina, Natalija"]
[Result "0-1"]
[WhiteElo "2293"]
[BlackElo "2475"]
[Annotator "TA"]
[PlyCount "112"]
[EventDate "2020.12.19"]
[EventType "team-tourn"]
[EventCountry "NET"]
[SourceTitle "playchess.com"]
[Source "ChessBase"]
[SourceQuality "1"]

{[%evp 14,111,20,25,25,18,22,17,24,11,58,56,61,33,39,35,51,43,60,60,86,54,68,60,80,92,91,83,95,52,72,57,53,51,77,81,76,46,41,43,60,22,102,38,155,164,201,146,299,303,254,247,354,359,904,845,839,804,780,773,700,659,655,625,722,778,758,748,940,327,373,368,354,202,202,47,47,47,293,9,28,15,55,55,61,68,71,0,0,-38,-30,-2602,-27,-8,0,0,0,-29981,-29982,-29999]} 1. e4 e5 2. Nf3 d6 3. d4 exd4 4. Nxd4 Nf6 5. Nc3 Be7 6. Be2 O-O 7. O-O Re8 8. Re1 Bf8 {C41: Philidor Defence.} 9. Bf1 Nbd7 10. f3 {[#]} a6 $146 {The position is equal.} ({Predecessor:} 10... c6 11. Be3 Qc7 12. Bf2 b5 13. a3 Bb7 14. Qd2 a5 15. Nf5 b4 16. Nb1 d5 17. axb4 dxe4 18. bxa5 exf3 19. Rxe8 Rxe8 20. gxf3 {1-0 (68) Bryzgalin,K (2474)-Popovic,D (2557) playchess.com INT 2007}) 11. a4 a5 12. Bg5 h6 13. Bh4 c6 14. Qd2 Ne5 15. Rad1 Ng6 16. Bf2 Qc7 17. Bc4 b6 18. Kh1 Bb7 19. Nf5 {[%cal Rf5d6]} d5 20. exd5 Nxd5 21. Nxd5 cxd5 22. Bb5 ({Worse is} 22. Bxd5 Bxd5 23. Qxd5 Qxc2 $17) 22... Rxe1+ 23. Rxe1 Rc8 24. c3 Bc6 25. Bg3 Qd7 26. Nd4 Bxb5 27. axb5 Bd6 {[#]} (27... a4 $11) 28. Nc6 ({White should try} 28. Bxd6 $1 $16 Qxd6 29. Nc6) 28... Bxg3 (28... Bc5 $14) 29. hxg3 $16 Qd6 30. Qf2 h5 $2 {[#]} (30... d4 $16) 31. f4 $1 $18 h4 32. gxh4 Kh7 (32... Rc7 {was called for.} 33. Qxb6 Qxf4) 33. g3 (33. Qxb6 Qxf4 34. Qd4 Qxd4 $18) 33... f6 $2 (33... Rc7 34. Qe2 (34. Qxb6 Ne7 $18) 34... Nf8) 34. Qf3 Kh6 35. h5 Nf8 36. Ne7 {[%mdl 64] Double Attack} Qd7 37. Nxc8 Qxc8 {[%mdl 4096] Endgame KQR-KQN} 38. f5 Nh7 39. Qxd5 Ng5 40. Kg2 a4 41. Re7 $2 (41. c4) 41... a3 42. bxa3 Qxc3 43. Re2 (43. Re8 $142 Qc2+ 44. Kf1 Qb1+ 45. Ke2 Qb2+ 46. Kd3 Qb1+ 47. Kc3) 43... Qxa3 44. Ra2 $2 ({Better is} 44. Rf2 $18) 44... Qe3 $14 45. Qa8 Kh7 $2 (45... Qe5 $14) 46. Qc6 $2 (46. h6 $1 $18) 46... Ne4 47. Qc7 {aiming for h6.} Ng5 48. Qf4 Qb3 49. Rd2 Qxb5 50. g4 (50. Qd4 $16) 50... Qc6+ $11 51. Kg3 Ne4+ 52. Kh3 $2 {[%mdl 8192]} (52. Kh4 $11) 52... Nxd2 $2 (52... Qc3+ $19 53. Kg2 Nxd2) 53. Qxd2 Qf3+ 54. Kh4 b5 55. Qe1 $2 {[%mdl 8192]} (55. h6 $11) 55... Qg2 {[%cal Rg2h2]} 56. h6 Qh2# {Never resign too early!  Weighted Error Value: White=0.65/Black=0.49} 0-1

[Event "EWCCC Online Preliminary-C 2020"]
[Site "Online"]
[Date "2020.12.19"]
[Round "3.2"]
[White "Babiy, Olga"]
[Black "Badelka, Olga"]
[Result "0-1"]
[WhiteElo "2271"]
[BlackElo "2427"]
[Annotator "TA"]
[PlyCount "94"]
[EventDate "2020.12.19"]
[EventType "team-tourn"]
[EventCountry "NET"]
[SourceTitle "playchess.com"]
[Source "ChessBase"]
[SourceQuality "1"]

{[%evp 17,94,38,59,57,71,68,68,56,78,79,91,88,85,84,112,54,66,76,131,90,113,104,120,52,46,23,18,20,37,29,40,31,38,-20,29,0,4,-34,-34,-106,-39,-54,-33,-66,-46,-98,-33,-200,119,27,122,-40,-16,-746,-39,-92,-100,-61,0,-91,-99,-97,-19,-6,-21,-55,-25,-47,0,0,-4,-828,-55,-65,-23,-98,-109,-29997,-29998]} 1. e4 c5 2. Nf3 Nc6 3. d4 cxd4 4. Nxd4 Qb6 5. Nb3 Nf6 6. Nc3 e6 7. Be3 Qc7 8. a3 a6 9. f4 d6 10. g4 {is cutting edge theory. B33: Sicilian: Pelikan and Sveshnikov Variations.} b5 11. g5 Nd7 12. Bg2 {White is slightly better.} Bb7 13. Qe2 Nc5 {[#]} 14. O-O $146 ({Predecessor:} 14. Bxc5 dxc5 15. Nd5 Qb8 16. Nb6 Qxf4 17. Nxa8 Bxa8 18. a4 c4 19. axb5 Bb4+ 20. c3 {0-1 (31) Bahtiri,S-Kocovski,I (2325) Kladovo 1991}) 14... Be7 15. Rad1 O-O 16. h4 (16. f5 $16) 16... Nxb3 17. cxb3 Rfe8 (17... b4 $142) 18. Rc1 Qd8 19. Qf2 Bf8 20. f5 (20. b4 $16) 20... Ne5 $14 {next ...Nd3 is good for Black.} 21. Qg3 exf5 22. exf5 Bxg2 23. Kxg2 Qd7 24. Rcd1 Qb7+ 25. Kg1 (25. Nd5 $14) 25... Rac8 26. Rd4 Kh8 27. Kh2 Nc6 28. Rg4 ({Better is} 28. Rd2 $15) 28... b4 (28... d5 $1 $17 29. b4 (29. Nxd5 $2 Rcd8 $19) 29... Qd7) 29. axb4 $15 Nxb4 30. g6 Nc2 31. Bg1 (31. Bd2 $15) 31... Qxb3 ({Black should try} 31... f6 $17 32. gxh7 Qxb3) 32. Qg2 $2 (32. gxf7 $1 $15 Re7 33. f6 Rxf7 34. Qg2 Rxf6 35. Rxf6 gxf6 36. Qf3) 32... Nb4 $2 (32... fxg6 $19 33. fxg6 Qxb2) 33. h5 (33. gxf7 $16 Re5 34. Bd4) 33... f6 (33... Re5 $1 $11) 34. Bd4 $2 (34. h6 $1 $16) 34... Nc2 {Threatens to win with ...Rc4.} 35. Bxf6 $2 {[%mdl 8192]} (35. h6 $11 Nxd4 36. hxg7+ Bxg7 37. Rxd4) 35... h6 $2 (35... gxf6 36. g7+ Bxg7 37. Rxg7 $17) (35... Ne3 $19 36. Qe2 Nxg4+ 37. Qxg4 gxf6) 36. Bd4 Nxd4 37. Rxd4 Be7 (37... d5 $15 38. Kh1 (38. Rxd5 Qb4 $15) 38... Be7) 38. Kh1 {[#]} (38. Nd5 $1 $11 {keeps the balance.}) 38... Bf6 $1 $36 {[%cal Rf6d4][%mdl 2048] White is under strong pressure.} 39. Rxd6 Be5 (39... Re3 $17 {White must now prevent ...Qb4.} 40. Rf3 (40. Rxa6 $2 Qc4 $19) 40... Re1+ 41. Rf1 Qc4) 40. Rd3 $1 $11 ({Not} 40. Rxa6 $2 Rc4 $19) 40... Rc4 41. Re1 {aiming for Rxe5!} Rh4+ 42. Rh3 Rxh3+ 43. Qxh3 Qxb2 44. Nd5 $2 {[%mdl 8192] [#]} (44. Re2 $11 Qb7+ 45. Qg2) 44... Rd8 $2 ({Black should play} 44... Qd2 $1 $19 {[%mdl 512]} 45. Qh4 Qxd5+ 46. Qe4 Qd2) 45. Ne3 $1 $15 Qb7+ 46. Qg2 (46. Ng2 $11 Bf6 47. Qd3 {[%mdl 64] Back Rank}) 46... Qb4 $17 47. Ng4 $2 {[%mdl 8192]} (47. Qf2 $17) 47... Qxe1+ {Weighted Error Value: White=0.88/Black=0.63} 0-1

[Event "EWCCC Online Preliminary-C 2020"]
[Site "Online"]
[Date "2020.12.19"]
[Round "3.3"]
[White "Houska, Jovanka"]
[Black "Ptacnikova, Lenka"]
[Result "1/2-1/2"]
[WhiteElo "2381"]
[BlackElo "2130"]
[Annotator "TA"]
[PlyCount "116"]
[EventDate "2020.12.19"]
[EventType "team-tourn"]
[EventCountry "NET"]
[SourceTitle "playchess.com"]
[Source "ChessBase"]
[SourceQuality "1"]

{[%evp 10,116,15,0,0,0,0,0,0,2,23,16,16,12,15,14,27,16,29,14,39,36,55,8,31,31,21,0,39,43,54,0,40,32,74,3,114,114,114,114,121,121,172,127,134,114,131,121,124,107,1202,86,81,0,0,0,2,0,26,27,43,23,43,12,13,5,5,6,6,8,8,0,0,0,0,0,85,0,0,0,144,144,144,144,144,104,320,283,255,0,1640,1416,2006,0,1148,0,2956,0,677,0,0,0,7,7,29976,29976,29970,0,0]} 1. d4 Nf6 2. Nf3 e6 3. Bf4 b6 4. e3 Bb7 5. Be2 c5 6. c3 Be7 {A47: 1 d4 Nf6 2 Nf3 b6: Torre, London and Colle Systems.} 7. h3 O-O 8. O-O d5 9. Nbd2 cxd4 10. exd4 {[#]} Ba6 $146 ({Predecessor:} 10... Nbd7 11. Re1 Qc8 12. Bd3 a5 13. Ne5 Ba6 14. Nef3 Bb7 15. Ne5 Ba6 16. Qe2 Bxd3 17. Qxd3 Nxe5 18. Bxe5 {0-1 (50) Bucur,S (2025)-Dicu,R (2232) Olanesti 2012}) 11. Ne5 Bxe2 12. Qxe2 a5 13. a4 Nfd7 14. Ndf3 Bf6 15. Qb5 Nxe5 16. Bxe5 Be7 17. c4 dxc4 18. Rac1 Qd5 19. Rxc4 Nd7 20. Bc7 ({White should try} 20. Rc6 $14) 20... Rfc8 21. Rfc1 h6 22. Rc6 (22. Qxd5 $16 exd5 23. Rc6) 22... Bd8 (22... Qxb5 $11 23. axb5 Nf6) 23. Qxd5 $16 exd5 24. Bxd8 Rxd8 25. Rd6 Kf8 (25... Nf6 $16 {was called for.} 26. Rxb6 Rdb8) 26. Rxd5 Ke7 27. Rb5 Rac8 28. Rxc8 Rxc8 {[%mdl 4096] Endgame KRN-KRN} 29. Ne5 Rc4 $2 {[%mdl 8192]} (29... Nxe5 $16 30. dxe5 (30. Rxe5+ Kd6 $11) 30... Rc4) 30. Nxd7 $2 (30. Nxc4 $18 {is the precise move to win.} Kd8 31. Nxb6) 30... Kxd7 31. Rxb6 (31. b3 $1 $16 {[%cal Rb3c4]} Rc1+ 32. Kh2) 31... Rxa4 $18 {KR-KR} 32. Rb7+ Ke8 33. Ra7 Rb4 34. Rxa5 Rxb2 35. g4 Rd2 36. Rd5 Ke7 37. Kg2 Ke6 38. Re5+ Kf6 39. Re4 g5 40. Kg3 Rd3+ 41. f3 Rd2 42. h4 Rd3 (42... Kg6 $11) 43. h5 (43. hxg5+ $1 $16 Kxg5 44. Kf2) 43... Rd2 $11 44. Kh3 Rd3 (44... Rf2 $11) 45. Kg2 $1 $16 Rd2+ 46. Kf1 $1 Ra2 47. Ke1 Ra1+ $2 (47... Rb2 $16 48. Re8 Rb4) 48. Kf2 Ra4 49. d5 $2 (49. Ke2 $18) 49... Ra2+ $2 {[%mdl 8192]} (49... Ra5 $11) 50. Ke3 $1 $18 Ra3+ 51. Ke2 $2 (51. Kd4 $18 {Threatens to win with d6.} Kg7 52. d6) 51... Ra2+ $2 {[%mdl 8192]} (51... Ra5 $11) 52. Ke3 (52. Kd3 $142 Kg7 53. d6) 52... Ra3+ $1 53. Ke2 $2 (53. Kd4 $18 {And now d6 would win.} Kg7 54. d6) 53... Ra2+ $2 {[%mdl 8192]} (53... Ra5 $11) 54. Ke1 $2 (54. Kd3 $1 $18) 54... Ra1+ $11 55. Kf2 {next Re8 is good for White.} Ra2+ 56. Re2 Rxe2+ $4 {[%mdl 8192]} (56... Ra5 $11) 57. Kxe2 Ke5 {[#]} 58. d6 $2 (58. f4+ $1 {[%mdl 512] mates} Kf6 (58... Kxf4 59. d6) 59. d6 gxf4 {[#]} 60. g5+ $1 {[%mdl 576] Promotion} hxg5 61. d7 Ke7 62. h6 f6 63. h7) 58... Kxd6 {Weighted Error Value: White=0.65/Black=0.43} 1/2-1/2

[Event "EWCCC Online Preliminary-C 2020"]
[Site "Online"]
[Date "2020.12.19"]
[Round "3.3"]
[White "Kalaiyalahan, Akshaya"]
[Black "Johannsdottir, Johanna Bjorg"]
[Result "0-1"]
[WhiteElo "2149"]
[BlackElo "1935"]
[Annotator "NA"]
[PlyCount "92"]
[EventDate "2020.12.19"]
[EventType "team-tourn"]
[EventCountry "NET"]
[SourceTitle "playchess.com"]
[Source "ChessBase"]
[SourceQuality "1"]
[TimeControl "900+5"]

1. Nf3 {[%emt 0:00:00]} Nf6 {[%emt 0:00:03]} 2. g3 {[%emt 0:00:02]} g6 {[%emt 0:00:01]} 3. Bg2 {[%emt 0:00:02]} Bg7 {[%emt 0:00:01]} 4. O-O {[%emt 0:00:01]} O-O {[%emt 0:00:02]} 5. d4 {[%emt 0:00:06]} c6 {[%emt 0:00:02]} 6. c4 {[%emt 0:00:05]} d6 {[%emt 0:00:05]} 7. Nc3 {[%emt 0:00:08]} Qa5 {[%emt 0:00:03]} 8. e4 {[%emt 0:01:01]} e5 {[%emt 0:00:36]} 9. d5 {[%emt 0:00:42]} cxd5 {[%emt 0:00:17]} 10. cxd5 {[%emt 0:00:14]} b5 {[%emt 0:00:15]} 11. Nd2 {[%emt 0:00:41]} Nbd7 {[%emt 0:00:30]} 12. Nb3 {[%emt 0:03:31]} Qb4 {[%emt 0:00:58]} 13. a3 {[%emt 0:01:52]} Qc4 {[%emt 0:00:04]} 14. Na5 {[%emt 0:00:37]} Qc7 {[%emt 0:00:54]} 15. Nc6 {[%emt 0:00:13]} a6 {[%emt 0:01:02]} 16. Ne7+ {[%emt 0:02:13]} Kh8 {[%emt 0:00:04]} 17. Nxc8 {[%emt 0:00:03]} Rfxc8 {[%emt 0:00:47]} 18. Be3 {[%emt 0:00:10]} Nb6 {[%emt 0:00:53]} 19. Rc1 {[%emt 0:01:59]} Nc4 {[%emt 0:00:17]} 20. Qe2 {[%emt 0:00:11]} Qd7 {[%emt 0:00:42]} 21. h3 {[%emt 0:01:28]} a5 {[%emt 0:00:37]} 22. Nb1 {[%emt 0:00:25]} a4 {[%emt 0:01:27]} 23. Nc3 {[%emt 0:00:02]} Rab8 {[%emt 0:00:04]} 24. Na2 {[%emt 0:00:03]} Ng8 {[%emt 0:02:14]} 25. Nb4 {[%emt 0:00:36]} Ne7 {[%emt 0:00:03]} 26. f3 {[%emt 0:00:19]} f5 {[%emt 0:00:16]} 27. Bf2 {[%emt 0:00:11]} Bh6 {[%emt 0:00:29]} 28. Rcd1 {[%emt 0:00:03]} fxe4 {[%emt 0:01:58]} 29. fxe4 {[%emt 0:00:02]} Rf8 {[%emt 0:00:03]} 30. Kh2 {[%emt 0:00:04]} Rf6 {[%emt 0:00:49]} 31. h4 {[%emt 0:00:05]} Rbf8 {[%emt 0:00:06]} 32. Bh3 {[%emt 0:00:04]} Qe8 {[%emt 0:01:00]} 33. Nd3 {[%emt 0:00:07]} Nc8 {[%emt 0:00:17]} 34. Bg2 {[%emt 0:00:10]} N8b6 {[%emt 0:00:16]} 35. Bg1 {[%emt 0:00:08]} Nd7 {[%emt 0:00:06]} 36. Rxf6 {[%emt 0:00:02]} Nxf6 {[%emt 0:00:07]} 37. g4 {[%emt 0:00:05]} Bf4+ {[%emt 0:00:20]} 38. Nxf4 {[%emt 0:00:02]} exf4 {[%emt 0:00:01]} 39. Bf3 {[%emt 0:00:08]} Nd7 {[%emt 0:00:02]} 40. Bd4+ {[%emt 0:00:02]} Nde5 {[%emt 0:00:01]} 41. Kg2 {[%emt 0:00:14]} Qe7 {[%emt 0:00:03]} 42. Rh1 {[%emt 0:00:05]} Kg8 {[%emt 0:00:01]} 43. Kf1 {[%emt 0:00:05]} Rc8 {[%emt 0:00:04]} 44. Kg2 {[%emt 0:00:04]} Qd7 {[%emt 0:00:29]} 45. h5 {[%emt 0:00:04]} Ne3+ {[%emt 0:00:02]} 46. Bxe3 {[%emt 0:00:04]} fxe3 {[%emt 0:00:01]} 0-1

[Event "EWCCC Online Preliminary-C 2020"]
[Site "Online"]
[Date "2020.12.19"]
[Round "3.3"]
[White "Thorsteinsdottir, Hallgerdur"]
[Black "Toma, Katarzyna"]
[Result "1-0"]
[WhiteElo "2009"]
[BlackElo "2289"]
[Annotator "TA"]
[PlyCount "103"]
[EventDate "2020.12.19"]
[EventType "team-tourn"]
[EventCountry "NET"]
[SourceTitle "playchess.com"]
[Source "ChessBase"]
[SourceQuality "1"]

{[%evp 13,102,15,35,10,18,22,20,0,0,0,0,0,40,32,40,40,93,-23,-33,-22,22,15,96,42,27,18,20,18,33,5,44,27,48,-43,-43,-56,2,-4,0,-6,0,0,0,-73,-81,-106,-106,-100,0,-63,56,-93,83,83,86,87,124,85,126,96,130,114,254,250,256,262,527,510,514,291,271,-653,-609,-29991,0,0,0,-29991,-29990,-29990,-29991,-29991,-29985,-29993,0,0,0,0,0,0,29999]} 1. e4 c5 2. Nf3 Nc6 3. Bb5 g6 4. Bxc6 dxc6 5. h3 Bg7 6. O-O e5 7. d3 Qe7 8. Nbd2 {8.a3 is the modern continuation. B31: Sicilian: 2...Nc6 3 Bb5 g6.} Nf6 9. Nc4 Nd7 10. Bg5 {The position is equal.} f6 {[#]} 11. Bh4 $146 ({Predecessor:} 11. Bd2 Nf8 12. Rb1 Ne6 13. b4 cxb4 14. Bxb4 c5 15. Ba3 O-O 16. Ne3 b6 17. Nd5 {1-0 (31) Maniocha,A (2252)-Valet,R (2103) Germany 2005}) 11... g5 12. Bg3 Nf8 13. c3 Be6 14. Ne3 h5 (14... Ng6 $14) 15. h4 (15. d4 $1 $16) 15... g4 $11 16. Nd2 Ng6 17. Nb3 O-O (17... b6 $11) 18. Qc2 (18. f3 $16) 18... b6 $14 {[%cal Bb7b6,Bb6b5][%mdl 32]} 19. Rad1 Rad8 20. d4 c4 21. Nd2 b5 22. Nf5 Qf7 23. Nxg7 (23. b3 $14) 23... Qxg7 $15 24. Nb1 Nf4 ({Black should try} 24... f5 $15 25. Bxe5 Nxe5 26. dxe5 Qxe5) 25. a4 a6 26. axb5 axb5 27. Bxf4 exf4 28. g3 (28. Qc1 $11 {keeps the balance.}) 28... f5 $17 29. e5 f3 $1 30. Nd2 Bd5 (30... f4 $17 31. Qe4 fxg3 32. fxg3 Bd5) 31. Ra1 ({Better is} 31. Rfe1 $1 $11) 31... Kh8 ({Black should play} 31... f4 $15) 32. Ra6 (32. Rfe1 $14 {stays ahead.}) 32... Rde8 $2 (32... f4 $17 {keeps the pressure on.}) 33. Rfa1 $16 Re7 34. Ra8 Qf7 35. Qb1 Kg7 36. R1a6 Rxa8 37. Rxa8 f4 (37... Be6 $16) 38. Nf1 $1 $18 Be6 39. gxf4 Bf5 $2 (39... Qxf4 40. Ng3 Qh6) 40. Qa1 Bg6 41. Ng3 {Strongly threatening Qa3.} Qxf4 42. Qa3 $4 {[%mdl 8192]} (42. Rc8 $18) 42... Rf7 $19 {( -> ...Qxg3+!)} 43. e6 {[#]} Qc1+ $2 (43... Qxg3+ $1 {[%mdl 512]} 44. fxg3 f2+ 45. Kh2 f1=Q 46. Rg8+ {[%mdl 64] Decoy} Kxg8 47. Qa8+ Rf8 48. Qxf8+ Kxf8 49. e7+ Kxe7 50. b4 Qf2+ 51. Kh1 Be4#) 44. Nf1 $1 $11 {[#]} (44. Kh2 Qe1 45. Nxh5+ Bxh5 46. Rg8+ Kh7 $1 {[%mdl 512]} 47. Rh8+ Kxh8 48. Qa8+ Kg7 $1 {[%mdl 512]} 49. Qg8+ Kxg8 50. exf7+ Kxf7 51. Kg3 Qe7 52. Kf4 Kf6 53. b3 cxb3 54. c4 bxc4 55. Kg3 Qd6#) 44... Bd3 $1 {[%mdl 512]} 45. Rg8+ $2 {[%mdl 8192]} (45. Qa1 $11 Qxa1 46. Rxa1) 45... Kxg8 46. exf7+ Kxf7 47. Qa7+ {[#]} Ke6 $1 48. d5+ {[#]} Kxd5 $2 (48... Kf6 $1 {mates} 49. Kh2 Qxf1 50. Kg3 Qg2+ 51. Kf4 Qh2+ {[%mdl 64] Double Attack} 52. Ke3 Qe5+ {[%mdl 64] Double Attack} 53. Kd2 Qe2+ 54. Kc1 Qe1#) 49. Qd7+ {[#]} Ke5 $1 50. Qe7+ {[#]} Kd5 $1 51. Qd7+ {[#]} Kc5 $2 {[%mdl 8192]} (51... Ke5 $1 $11 52. Qe7+ {[#]} Kf5 $1 {[%mdl 512]} 53. Qf7+ Ke5 $1 {[%mdl 512]} 54. Qe7+) 52. Qd4# {Weighted Error Value: White=0.68/Black=0.70} 1-0